000 00920 a2200241 4500
005 20140903174922.0
008 130913s2013 ck ad fr|||| 001 0 spa d
020 _a9789587108965
040 _aCO-BoUCM
_bspa
_cJose A. Gerena
_dAldemar Mondragón
041 0 0 _aspa
245 0 0 _aManual de análisis y diseño de políticas públicas
_cGonzalo Ordóñez-Matamoros, director
260 _c2013
_bUniversidad Externado de Colombia
_aBogotá (Colombia)
300 _a324 páginas
_bilustraciones, cuadros, gráficos
504 _aIncluye referencias bibliográficas e índices
650 7 _aAdministración pública
_945173
650 7 _aPolítica pública
_922011
650 7 _aPolítica social
_945172
650 7 _aProblemas sociales
_922324
690 _aCiencia política
700 1 _aOrdóñez-Matamoros, Gonzalo
_945103
942 _a6
_cLIBRO
_e1
_mM294
_2DEWEY
_h320.6
999 _c180398
_d180398